| 000 | 00446nam a2200145Ia 4500 | ||
|---|---|---|---|
| 008 | 211109s9999||||xx |||||||||||||| ||und|| | ||
| 082 |
_a25.52 _bGHO-T |
||
| 100 | _aGhosh, G B | ||
| 245 | 0 | _aTrends of Information Service in India | |
| 260 |
_bWorld Press Private _aCalcutta _c1974 |
||
| 300 | _a286p. | ||
| 630 | _xLibrary Science Department | ||
| 650 |
_alibrary science _vLibrary operations _xinformation servicesLibrary Science |
||
| 942 | _cBOOK | ||
| 999 |
_c76913 _d76913 |
||